000 00694nam a22002057a 4500
005 20100806153234.0
010 _aENG-98537
020 _c150.00
035 _aEN-82070
037 _bDBAD/PUB
082 _a572.8
100 _aRamesh, R
_98898
245 _aBasic concepts in molecular biology /
_cby R Ramesh
260 _aChennai
_bSitech
_c(200?)
270 _aH.O. 144/1, Nungambakkam High Road
_bChennai
_e600034
300 _a299p.:
_bill.
_c21cm (pbk)
650 _aMolecular Biology
_98899
942 _2ddc
_cEN
_h572.8
_mRAM
999 _c39868
_d39868